| 000 | 00646nam a2200205 a 4500 | ||
|---|---|---|---|
| 001 | BRCA_8484 | ||
| 005 | 20190320210313.0 | ||
| 008 | 180316m17901791sp-#######---#000-0#spa-# | ||
| 041 | _aspa | ||
| 044 | _asp | ||
| 084 |
_aDOC8 _b.C67 _c1790 |
||
| 245 | 1 | 0 | _aCorrespondencia personal de la Familia Marthos. |
| 260 |
_aHuelma, Granada, España _c1790-1791 |
||
| 300 |
_a[5] hojas sueltas _c21 x 16 cm. |
||
| 500 | _aEstado de conservación: contiene dobleces | ||
| 506 | 0 | _aFondo reservado: para su consulta es necesario credencial de usuario y carta de motivos. | |
| 650 | 1 | 4 |
_aAsuntos varios _zEspaña _921263 |
| 902 | _aDDH | ||
| 942 |
_2lcc _cD |
||
| 999 |
_c8151 _d8151 |
||